Statistiken für Fussballweltmeister der Obdachlosen-WM (Herren)

Klicken Sie hier um das Quiz zu spielen!

Allgemein

  • Dieses Quiz wurde 118 mal gespielt
    (33 seit der letzten Aktualisierung)
  • Das Durchschnittsergebnis liegt bei 11 aus 18

Antwortstatistiken

JahrLand% Korrekt
2017Brasilien
93%
2010Brasilien
93%
2013Brasilien
93%
2023Chile
77%
2014Chile
77%
2012Chile
77%
2005Italien
77%
2004Italien
77%
2015Mexiko
77%
2016Mexiko
77%
2018Mexiko
77%
2019Mexiko
77%
2006Russland
37%
2003Österreich
33%
2009Ukraine
23%
2011Schottland
10%
2007Schottland
10%
2008Afghanistan
7%

Verteilung der Resultate

Perzentil nach korrekt beantworteten Fragen

Anzahl Personen mit jedem Resultat

Ihre Resultats-Entwicklung

Sie haben dieses Quiz seit der letzten Aktualisierung nicht gespielt